| 000 | 00434nam a2200181Ia 4500 | ||
|---|---|---|---|
| 001 | 10447 | ||
| 005 | 20260306161833.0 | ||
| 008 | 260306t1990||||xx |||||||||||||| ||spa|| | ||
| 041 | _aESP | ||
| 082 |
_a929.4672 _bG43 |
||
| 100 |
_aGibson, Ian _eAUT |
||
| 245 | 0 | _aDiario de una busqueda lorquiana (1955-56) | |
| 260 | _c1990 | ||
| 300 |
_a255 páginas : _c22 cm. |
||
| 650 | _aGEN | ||
| 654 | _aCHU | ||
| 942 |
_cLIB _dJUS _fJUS _2ddc _n |
||
| 999 |
_c10447 _d10447 |
||